000 00827nam a2200241 a 4500
001 000206873
003 AM-YeHGA
005 20250617124051.0
008 990517s1970 un |||||r|||||||||0|rus|d
040 _aAM-YeHGA
041 0 _arus
100 1 _aПироженко, Алексей Алексеевич
245 1 0 _aЦелебные растения /
_cА.А. Пироженко.
260 0 _aКиев :
_bНаукова думка ,
_c1970.
300 _a134 с.
440 0 _aНаучно-популярная литература
650 1 4 _aЗдравоохранение, медицина
650 1 4 _aЛекарственные растения
_vТерапевтическое применение
650 1 4 _aАралиевые
650 1 4 _aЖеньшень
942 _2udc
_cBK
090 _c73064
999 _c71850
_d71850